1069 1944 1742 1977 1956 1431 1185 1583 1578 1059 1318 1135 1539 1229 1444 1329 1799 1785 1100 1091 1482 1680 1886 1083 1470 1558 1146 1368 1559 1689 1122 1516 1291 1461 1062 1447 1075 1211 1389 1424 1438 1647 1675 1270 1613 1236 1978 1657 1053 1660 1671 1660 1233 1707 1166 1481 1112 1189 1143 1020 1419 1493 1009 1666 1267 1178 1432 1684 1709 1287 1521 1479 1898 1419 1128 1798 1697 1944 1440 1770 1935 1645 1786 1032 1720 1369 1088 1874 1517 1026 1732 1193 1114 1135 1746 1261 1852 1047 1236 BCNSPRNW ULIB Ver.6.0+V

เปลี่ยนเป็นภาษาไทย

Change to English
 แสดงรายละเอียดบรรณานุกรม
  กลับหน้าหลัก

Brief Record : Get Marc (ISO 2709) : E-mail record : QR code < ปิดหน้าต่าง
LEADER : 00000nam 2200000uu 4500
001    13399128627
003     ULIB
008    230924s2565||||th 000 0 tha d
020    ^a9789740341758
050  4 ^aBF637.B4^bส272ท
100 0  ^aสมโภชน์ เอี่ยมสุภาษิต
245 10 ^aทฤษฎีและเทคนิคการปรับพฤติกรรม =^bTheories and techniques inbehavior modification /^cสมโภชน์ เอี่ยมสุภาษิต
246 31 ^aTheories and techniques in behavior modification
250    ^aพิมพ์ครั้งที่ 10
260    ^aกรุงเทพฯ :^bสำนักพิมพ์แห่งจุฬาลงกรณ์มหาวิทยาลัย,^c2565
300    ^a447 หน้า :^bภาพประกอบ ;^c26 ซม.
650  4 ^aการปรับพฤติกรรม
650  4 ^aจิตวิทยาประยุกต์
650  4 ^aพฤติกรรมมนุษย์
945    ^p390^l0^i29892
945    ^p390^l0^i29893
999    ^aกัณชพร จุลอักษร
รายการนี้ยังไม่มีแท็ก
คุณยังไม่ได้ล็อกอิน คุณสามารถมีกิจกรรมร่วมกับเว็บไซต์ได้ แต่ต้องล็อกอินก่อน ::
  ล็อกอิน

รายการสื่อสารสนเทศ

ลำดับที่ ประเภท เลขเรียก/บาร์โค้ด สถานที่ สถานะ
1. หนังสือสำรอง
หนังสือสำรอง
BF637.B4 ส272ท ฉ.1 
  Barcode: 29892
ห้องสมุดวิทยาเขตนครสวรรค์
►หนังสือทั่วไป:l:General Books
บนชั้น
2. วิทยาศาสตร์การแพทย์ และสุขภาพ
วิทยาศาสตร์การแพทย์ และสุขภาพ
BF637.B4 ส272ท ฉ.2 
  Barcode: 29893
ห้องสมุดวิทยาเขตนครสวรรค์
►หนังสือทั่วไป:l:General Books
บนชั้น

รายการใกล้เคียง
    ผู้แต่ง [สมโภชน์ เอี่ยมสุภาษิต]

    หัวเรื่อง [การปรับพฤติกรรม]
    หัวเรื่อง [จิตวิทยาประยุกต์]
    หัวเรื่อง [พฤติกรรมมนุษย์]

BibComment


ยังไม่เคยถูกคอมเมนท์

คอมเมนท์ทรัพยากรรายการนี้
  คอมเมนท์: ทฤษฎีและเทคนิคกา..


 Copyright 2026. Bcnsprnw @Library